Risultati della Roma in UEFA Europa League 2016-2017 - Statistics

Statistiche generali
  • Questo quiz è stato fatto 11 volte
  • Il punteggio medio è 6 su 10
Statistiche sulle risposte
Hint Risposta % Corretto
Roma - Villarreal 0-1
78%
Villarrea - Roma 0-4
78%
Roma - Olympique Lione 2-1
78%
Roma - Astra Giurgiu 4-0
78%
Astra Giurgiu - Roma 0-0
56%
Viktoria Plzeň - Roma 1-1
56%
Roma - Viktoria Plzeň 4-1
56%
Olympique Lione - Roma 4-2
56%
Austria Vienna - Roma 2-4
33%
Roma - Austria Vienna 3-3
22%
Nessun quiz corrispondente trovato
Distribuzione punteggi
Percentuale di utenti per punteggio
Percentile per numero di risposta
I tuoi punteggi nel tempo
Non hai fatto questo quiz